Responses for Show #6951 - Monday, December 1, 2014

2014 Kids Week game 1.

Contestants

[<< previous game]

Cerulean Ozarow, an 11-year-old from Brooklyn, New York

Will Harter, a 12-year-old from Park Ridge, Illinois

Victoria Agrinya, a 12-year-old from Woodbridge, Virginia

[next game >>]

Jeopardy! Round responses

A TREASURE MAP
LETTER PERFECT
ANCIENT HISTORY
HOLIDAYS & OBSERVANCES
NATURE
THE LANGUAGE OF SPORTS
    $200 26
southwest

Victoria
    $200 10
the X Games

Victoria
    $200 16
Greece

Will
    $200 21
a groundhog

Victoria
    $200 1
a dandelion

Victoria
    $200 6
fumble

Victoria
    $400 27
[The end-of-round signal sounds.]

desert (deserted accepted)

Cerulean
    $400 11
T

Will
    $400 17
Cleopatra

Will
    $400 22
George Washington & Abraham Lincoln

Victoria
    $400 2
a rodent

Victoria
    $400 7
a knockout

Will
    $600 13
(Alex: [*] for bishop, yes.)

B

Cerulean
    $600 18
the Mayans

Will
    $600 23
(Alex: That's the month, with less than a minute to go.)

June

Will
    $600 3
nocturnal

Victoria
    $600 8
figure skating

Victoria
    $800 14
D

Cerulean
    $800 19
Herod (the Great)

Triple Stumper
    $800 24
Veterans Day

Victoria
    $800 4
bamboo

Triple Stumper
    $800 9
a header

Cerulean
    $1000 15
K

Victoria
    $1000 20
Confucius

Victoria
    $1,000 25
Earth Day

Victoria
    $1000 5
(Victoria: What is sap?)

amber

VictoriaWill
    $1000 12
turkey

Will

Scores at the first commercial break (after clue 15):

Victoria Will Cerulean
$2,200 $2,800 $2,200

Scores at the end of the Jeopardy! Round:

Victoria Will Cerulean
$5,800 $4,600 $2,600

Double Jeopardy! Round responses

ISLANDS
KIDS IN LIT
VOCABULARY
ART
LONG THINGS
SONGS ON THE RADIO
    $400 1
Greenland

Cerulean
    $400 11
Oliver Twist

Victoria
    $400 6
eclipse

Cerulean
    $400 21
the yolk

Victoria
    $400 16
an octopus

Cerulean
    $400 25
getting back together

Will
    $800 2
Chile & Argentina

Cerulean
    $800 12
Diary of a Wimpy Kid

Will
    $800 7
perpendicular

Cerulean
    $800 22
Benjamin Franklin

Victoria
    $800 17
a fork

Cerulean
    $800 29
Selena Gomez

Victoria
    $1200 3
the Long Island Railroad

Cerulean
    $1200 13
Artemis

Cerulean
    $1200 8
hatch

Cerulean
    $1200 23
Picasso

Will
    $1200 18
a longbow

Victoria
    $1200 28
a good time

Will
    $1600 4
Sri Lanka

Cerulean
    $4,800 14
(Cerulean: Who is...)
(Alex: No, it's not coming.)

Tom Sawyer

Cerulean
    $11,000 9
(Alex: Well, you're on a roll. You're the only player who has given me any responses in this Double Jeopardy! Round, and you have $11,000 to put at risk.)
(Cerulean: Well, I've always wanted to say it. Let's make it a True Daily Double.)
[Audience gasps and groans]
(Cerulean: Why not?)
(Alex: Well, Cerulean, why not, indeed. I-I don't know where your parents are in the audience--)
[Laughter]
(Alex: --but they have just had minor heart attacks, believe me. Here is the clue for you. Pay close attention...)

a barometer

Cerulean
    $1600 24
(Alex: [*], yes, with less than a minute to go.)

charcoal

Victoria
    $1600 19
Florida

Cerulean
    $1600 27
Pharrell

Will
    $2000 5
[Applause for Cerulean's run of the category]
(Alex: Hey, you know your islands, and as a result, you're in the lead now.)

Jamaica

Cerulean
    $2000 15
(Alex: To Kill a Mockingbird is the story.)

"Scout"

Triple Stumper
    $2000 10
Yahoo

Triple Stumper
    $2000 30
a palette

Cerulean
    $2000 20
a femur

Cerulean
    $2000 26
Ariana Grande

Will

Scores at the end of the Double Jeopardy! Round:

Victoria Will Cerulean
$11,000 $11,800 $25,200
(lock game)

[wagering suggestions for these scores]

Final Jeopardy! Round responses

TV CHARACTERS
(Alex: Think of Sesame Street, and [*], yes.)
VictoriaWho is Hercules?
$11,000
WillWho is Goofy?
$11,000
CeruleanWho is Barney?
$42
Big Bird

Final scores:

Victoria Will Cerulean
$0 $800 $25,158
3rd place: $1,000 2nd place: $2,000 Winner: $25,158

Game dynamics:

Coryat scores:

Victoria Will Cerulean
$11,000 $11,800 $20,600
19 R
(including 1 DD),
1 W
14 R,
0 W
19 R
(including 1 DD),
1 W
(including 1 DD)

Combined Coryat: $43,400

[game clues] [game scores] [suggest correction]

Game tape date: 2014-10-07
The J! Archive is created by fans, for fans. Scraping, republication, monetization, and malicious use prohibited; this site may use cookies and collect identifying information. See terms. The Jeopardy! game show and all elements thereof, including but not limited to copyright and trademark thereto, are the property of Jeopardy Productions, Inc. and are protected under law. This website is not affiliated with, sponsored by, or operated by Jeopardy Productions, Inc. Join the discussion at JBoard.tv.